书目信息 |
| 题名: |
第五项奇迹
|
|
| 作者: | 戴维斯 著 ;祝朝伟 译 | |
| 分册: | ||
| 出版信息: | 南京 译林出版社 2004 |
|
| 页数: | 12,262页 | |
| 开本: | 20cm | |
| 丛书名: | ||
| 单 册: | ||
| 中图分类: | Q10-49 | |
| 科图分类: | ||
| 主题词: | 生命起源 , 生命起源--普及读物 | |
| 电子资源: | ||
| ISBN: | 7-80657-634-7 | |
| 000 | 00948nam0 2200277 450 | |
| 001 | 002608508 | |
| 005 | 20061101164735.62 | |
| 010 | @a7-80657-634-7@dCNY14.20 | |
| 100 | @a20040315d2004 em y0chiy0110 ea | |
| 101 | 1 | @achi@ceng |
| 102 | @aCN@b320000 | |
| 105 | @ay z 000yy | |
| 200 | 1 | @a第五项奇迹@9di wu xiang qi ji@e生命起源之探索@f(澳)保罗·戴维斯著@g祝朝伟等译 |
| 210 | @a南京@c译林出版社@d2004 | |
| 215 | @a12,262页@d20cm | |
| 305 | @aPenguin Book, 1998原文出版 | |
| 330 | @a本书运用分子生物学、生物化学、火星陨石研究等相关学科的大量最新研究成果,提出了生命起源的一种新理论,即生命起源于灼热的地下深处。 | |
| 510 | 1 | @aThe Fifth Miracle@zeng |
| 517 | 1 | @a生命起源之探索@9sheng ming qi yuan zhi tan suo |
| 606 | 0 | @a生命起源 |
| 606 | 0 | @a生命起源@j普及读物 |
| 690 | @aQ10-49@v4 | |
| 701 | 0 | @c(澳)@a戴维斯@9dai wei si@4著 |
| 702 | 0 | @a祝朝伟@9zhu chao wei@4译 |
| 801 | 0 | @aCN@bNLC@c20061101 |
| 905 | @a10447@dQ10-49@e104 | |
| 第五项奇迹:生命起源之探索/(澳)保罗·戴维斯著/祝朝伟等译.-南京:译林出版社,2004 |
| 12,262页;20cm |
| ISBN 7-80657-634-7:CNY14.20 |
| 本书运用分子生物学、生物化学、火星陨石研究等相关学科的大量最新研究成果,提出了生命起源的一种新理论,即生命起源于灼热的地下深处。 |
| ● |
| 相关链接 |
|
|
|
|
正题名:第五项奇迹
索取号:Q10-49/104
 
预约/预借
| 序号 | 登录号 | 条形码 | 馆藏地/架位号 | 状态 | 备注 |
| 1 | 0387575 | 203875752 | 第二样本阅览室/ [索取号:Q10-49/104] | 在馆 | |
| 2 | 0387576 | 203875761 | 第三借阅区/ [索取号:Q10-49/104] | 在馆 | |
| 3 | 0387577 | 203875770 | 第三借阅区/ [索取号:Q10-49/104] | 在馆 | |
| 4 | 0387578 | 203875789 | 第三借阅区/ [索取号:Q10-49/104] | 在馆 | |
| 5 | 0387579 | 203875798 | 第三借阅区/ [索取号:Q10-49/104] | 在馆 |